| 000 | 00354cam a2200145 a 4500 | ||
|---|---|---|---|
| 020 | _a0689315740 : | ||
| 040 | _cDLC | ||
| 082 | 0 | 0 | _a813 ATH 1993 A094 Or. |
| 100 | 1 | _aFriesner, Esther M. | |
| 245 | 1 | 0 | _aWishing season / |
| 260 |
_aNew York : _bAtheneum, _c1993. |
||
| 300 |
_a138 p. : _bill. ; _c24 cm. |
||
| 500 | _a"A Byron Priss book." | ||
| 942 | _cEK | ||
| 999 |
_c13813 _d13813 |
||